| 000 | 00885cam a2200313 4500500 | ||
|---|---|---|---|
| 005 | 20260329005107.0 | ||
| 041 | _afre | ||
| 042 | _adc | ||
| 100 | 1 | 0 |
_aLacroix, Alexandre _eauthor |
| 245 | 0 | 0 | _aDan Sperber-Gérald Bronner : L’esprit critique rend-il complotiste ? |
| 260 | _c2022. | ||
| 500 | _a27 | ||
| 690 | _aAutorité | ||
| 690 | _aComplotisme | ||
| 690 | _aCritique | ||
| 690 | _aDan Sperber | ||
| 690 | _aDoute | ||
| 690 | _aFake news | ||
| 690 | _aGérald Bronner | ||
| 690 | _aInformation | ||
| 690 | _aInfox | ||
| 690 | _aIntelligence collective | ||
| 690 | _aRaison | ||
| 690 | _aRefus | ||
| 690 | _aRéseaux sociaux | ||
| 690 | _aVérité | ||
| 786 | 0 | _nPhilosophie magazine | 160 | 6 | 2022-06-01 | p. 31-34 | 1951-1787 | |
| 856 | 4 | 1 | _uhttps://shs.cairn.info/magazine-philosophie-magazine-2022-6-page-31?lang=fr&redirect-ssocas=7080 |
| 999 |
_c1840239 _d1840239 |
||